Mickey Rooney Filmography - Statistics

General Stats
  • This quiz has been taken 14 times
    5 since last reset
  • The average score is 10 of 437
Answer Stats
Type Year Name % Correct
Film 1961 Breakfast at Tiffany's
80%
TV Short 1962 Andy Hardy
60%
Film 1940 Andy Hardy Meets Debutante
60%
Film 1981 The Fox and the Hound
60%
Film 1943 The Human Comedy
60%
Film 1935 A Midsummer Night's Dream
40%
Theater 1973 A Midsummer Night's Dream
40%
Film 1938 Boys Town
40%
Film 1937 Captains Courageous
40%
Film 1944 National Velvet
40%
Film 2014 Night at the Museum: Secret of the Tomb
40%
Film 1940 Strike Up the Band
40%
TV Show 1995 The Simpsons
40%
Film 1958 Andy Hardy Comes Home
20%
Film 1939 Andy Hardy Gets Spring Fever
20%
Film 1944 Andy Hardy's Blonde Trouble
20%
Film 1942 Andy Hardy's Double Life
20%
Film 1941 Andy Hardy's Private Secretary
20%
Film 1939 Babes in Arms
20%
Film 1939 Judge Hardy and Son
20%
Film 2001 Lady and the Tramp II: Scamp's Adventure
20%
Film 1989 Little Nemo: Adventures in Slumberland
20%
Film 2006 Night at the Museum
20%
Film 1977 Pete's Dragon
20%
TV Film 1979 Rudolph and Frosty's Christmas in July
20%
TV Film 1970 Santa Claus Is Comin' to Town
20%
Film 1979 The Black Stallion
20%
Film 1956 The Bold and the Brave
20%
Film 1985 The Care Bears Movie
20%
Film 1942 The Courtship of Andy Hardy
20%
Film 2011 The Muppets
20%
TV Film 1974 The Year Without a Santa Claus
20%
Film 1965 24 Hours to Kill
0%
Theater 1976 3 Goats and a Blanket
0%
Film 1969 80 Steps to Jonah
0%
TV Show 2008 Above the Line
0%
Film 1975 Ace of Hearts
0%
Film 2007 A Christmas Too Many
0%
Film 1937 A Family Affair
0%
Theater 1987 A Funny Thing Happened on the Way to the Forum
0%
Film 1935 Ah, Wilderness!
0%
TV Show 1963 Alcoa Premiere
0%
TV Show 1958 Alcoa Theatre
0%
Film 1953 All Ashore
0%
TV Show 1952, 1953 All Star Revue
0%
Film 1966 Ambush Bay
0%
TV Show 2015 American Dad!
0%
TV Film 2008 A Miser Brothers' Christmas
0%
Short Film 1940 Andy Hardy's Dilemma
0%
TV Show 1991 An Evening at the Improv
0%
Film 1958 A Nice Little Bank That Should Be Robbed
0%
Film 1998 Animals with the Tollkeeper
0%
Film 1979 Arabian Adventure
0%
TV Show 1964 Arrest and Trial
0%
TV Show 1958 Arthur Godfrey and His Friends
0%
Film 1953 A Slight Case of Larceny
0%
Film 1942 A Yank at Eton
0%
TV Show 1977 A Year at the Top
0%
TV Show 1977 A Year at the Top
0%
Film 1998 Babe: Pig in the City
0%
Film 1941 Babes on Broadway
0%
Film 1957 Baby Face Nelson
0%
Film 2011 Bamboo Shark
0%
Film 1934 Beloved
0%
TV Film 1981 Bill
0%
TV Film 1983 Bill: On His Own
0%
Documentary Series 1995-1997, 2003-2004 Biography
0%
Film 1934 Blind Date
0%
TV Film 1988 Bluegrass
0%
TV Show 1964, 1965 Bob Hope Presents the Chrysler Theatre
0%
TV Film 1999 Boys Will Be Boys
0%
Film 1933 Broadway to Hollywood
0%
TV Film 1995 Brothers' Destiny
0%
TV Show 1964 Burke's Law
0%
TV Show 1981 CBS Library
0%
TV Show 1952 Celanese Theatre
0%
TV Show 1968 Celebrity Billiards
0%
TV Show 1960 Celebrity Golf
0%
Film 1934 Chained
0%
TV Show 1961 Checkmate
0%
TV Show 1999 Chicken Soup for the Soul
0%
Short Film 1931 China
0%
Short Film 1937 Cinema Circus
0%
TV Show 1978 Clapper Board
0%
TV Show 1964 Combat!
0%
TV Show 2009 Come Dine with Me
0%
TV Show 1997 Conan the Adventurer
0%
Short Film 1981 Creole
0%
TV Show 1971 Dan August
0%
Film 1934 Death on the Diamond
0%
TV Show 1958 December Bride
0%
TV Film 1979 Donovan's Kid
0%
Film 1936 Down the Stretch
0%
Film 1954 Drive a Crooked Road
0%
Film 2012 Driving Me Crazy
0%
Film 2017 Dr. Jekyll and Mr. Hyde
0%
Commercial 1981 Dr. Pepper
0%
TV Show 2011 Eagleheart
0%
TV Documentary 2008 Empire State Building Murders
0%
TV Show 1998 ER
0%
Film 1989 Erik the Viking
0%
Film 1961 Everything's Ducky
0%
TV Film 1972 Evil Roy Slade
0%
Film 1932 Fast Companions
0%
Film 1976 Find the Lady
0%
TV Film 1972 Fol-de-Rol
0%
Film 1956 Francis in the Haunted House
0%
Film 1975 From Hong Kong with Love
0%
TV Show 1962 Frontier Circus
0%
TV Show 1994 Full House
0%
Commercial 2000 Garden State Life Insurance Company
0%
TV Show 1960 General Electric Theater
0%
TV Show 1968, 1969 George Jessel's Here Come the Stars
0%
Theater 1970 George M
0%
Film 2010 Gerald
0%
Film 1943 Girl Crazy
0%
Theater 1986 Go Ahead and Laugh
0%
TV Show 2003 GodRocks!
0%
TV Show 1996 Great Performances
0%
Film 1934 Half a Sinner
0%
TV Show 1961 Hennesey
0%
Film 1950 He's a Cockeyed Wonder
0%
Film 1934 Hide-Out
0%
Film 1932 High Speed
0%
Film 1938 Hold That Kiss
0%
Short Film 1938 Hollywood Handicap
0%
Film 2021 Holy Hollywood
0%
TV Film 1990 Home for Christmas
0%
Documentary 1982 Hooray for Hollywood
0%
Film 1937 Hoosier Schoolboy
0%
Short Film 1931 Hot Feet
0%
Film 1965 How to Stuff a Wild Bikini
0%
Film 1934 I Like It That Way
0%
Film 1998 Internet Love
0%
TV Film 1984 It Came Upon the Midnight Clear
0%
Film 1963 It's a Mad, Mad, Mad, Mad World
0%
TV Show 1969 It's Happening
0%
TV Show 1957, 1958 I've Got a Secret
0%
TV Show 1992 Jack's Place
0%
Film 1972 Journey Back to Oz
0%
Film 1938 Judge Hardy's Children
0%
Short Film 1974 Just One More Time
0%
Film 1947 Killer McCoy
0%
Film 1997 Killing Midnight
0%
Film 1997 King of the Court
0%
TV Show 1997 Kleo the Misfit Unicorn
0%
TV Show 1963 Kraft Suspense Theatre
0%
TV Show 1996 Kung Fu: The Legend Continues
0%
Documentary 2012 Last Will and Embezzlement
0%
TV Film 1981 Leave 'em Laughing
0%
Theater 1993 Leave Me a Tenor
0%
Theater 2004 Let's Put on a Show
0%
Film 1941 Life Begins for Andy Hardy
0%
TV Show 1970 Life with Linkletter
0%
Film 1986 Lightning, the White Stallion
0%
Film 1936 Little Lord Fauntleroy
0%
Film 1937 Live, Love and Learn
0%
Short Film 1939 Loews Christmas Greeting
0%
Film 1938 Lord Jeff
0%
Film 2008 Lost Stallions: The Journey Home
0%
Film 1934 Love Birds
0%
Film 1938 Love Finds Andy Hardy
0%
Film 1938 Love Is a Headache
0%
Film 1946 Love Laughs at Andy Hardy
0%
Theater 1967 Luv
0%
Radio Series 1940, 1947 Lux Radio Theater
0%
Film 1956 Magnificent Roughnecks
0%
Film 1994 Making Waves
0%
Film 1934 Manhattan Melodrama
0%
Short Documentary 1941 Meet the Stars #4: Variety Reel #2
0%
Film 1941 Men of Boys Town
0%
Film 1998 Michael Kael vs. the World News Company
0%
TV Show 1964-1965 Mickey
0%
Short Film 1928 Mickey in Love
0%
Short Film 1928 Mickey in School
0%
Short Film 1933 Mickey's Ape Man
0%
Short Film 1928 Mickey's Athletes
0%
Short Film 1928 Mickey's Babies
0%
Short Film 1930 Mickey's Bargain
0%
Short Film 1927 Mickey's Battles
0%
Short Film 1933 Mickey's Big Broadcast
0%
Short Film 1932 Mickey's Big Business
0%
Short Film 1928 Mickey's Big Game Hunt
0%
Short Film 1929 Mickey's Big Moment
0%
Short Film 1929 Mickey's Brown Derby
0%
Short Film 1932 Mickey's Busy Day
0%
Short Film 1930 Mickey's Champs
0%
Short Film 1932 Mickey's Charity
0%
Short Film 1927 Mickey's Circus
0%
Short Film 1933 Mickey's Covered Wagon
0%
Short Film 1931 Mickey's Crusaders
0%
Short Film 1931 Mickey's Diplomacy
0%
Short Film 1933 Mickey's Disguises
0%
Short Film 1927 Mickey's Eleven
0%
Short Film 1930 Mickey's Explorers
0%
Short Film 1932 Mickey's Golden Rule
0%
Short Film 1929 Mickey's Great Idea
0%
Short Film 1931 Mickey's Helping Hand
0%
Short Film 1932 Mickey's Holiday
0%
Short Film 1929 Mickey's Initiation
0%
Short Film 1929 Mickey's Last Chance
0%
Short Film 1928 Mickey's Little Eva
0%
Short Film 1930 Mickey's Luck
0%
Short Film 1930 Mickey's Master Mind
0%
Short Film 1934 Mickey's Medicine Man
0%
Short Film 1929 Mickey's Menagerie
0%
Short Film 1930 Mickey's Merry Men
0%
Short Film 1929 Mickey's Midnite Follies
0%
Short Film 1934 Mickey's Minstrels
0%
Short Film 1929 Mickey's Mix-Up
0%
Short Film 1928 Mickey's Movies
0%
Short Film 1930 Mickey's Musketeers
0%
Short Film 1928 Mickey's Nine
0%
Short Film 1928 Mickey's None
0%
Short Film 1929 Mickey's Northwest Mounted
0%
Short Film 1927 Mickey's Pals
0%
Short Film 1928 Mickeys Parade
0%
Short Film 1933 Mickey's Race
0%
Short Film 1931 Mickey's Rebellion
0%
Short Film 1934 Mickey's Rescue
0%
Short Film 1928 Mickey's Rivals
0%
Short Film 1931 Mickey's Sideline
0%
Short Film 1931 Mickey's Stampede
0%
Short Film 1929 Mickey's Strategy
0%
Short Film 1929 Mickey's Surprise
0%
Short Film 1933 Mickey's Tent Show
0%
Short Film 1931 Mickey's Thrill Hunters
0%
Short Film 1933 Mickey's Touchdown
0%
Short Film 1932 Mickey's Travels
0%
Short Film 1928 Mickey's Triumph
0%
Short Film 1930 Mickey's Warriors
0%
Short Film 1930 Mickey's Whirlwinds
0%
Short Film 1931 Mickey's Wildcats
0%
Short Film 1928 Mickey's Wild West
0%
Short Film 1930 Mickey's Winners
0%
Short Film 1928 Mickey the Detective
0%
Short Film 1930 Mickey the Romeo
0%
TV Show 1998 Mike Hammer, Private Eye
0%
TV Film 1974 Mooch
0%
TV Film 1971 Mooch Goes to Hollywood
0%
TV Special 1957 Mr. Broadway
0%
TV Show 1993 Murder, She Wrote
0%
Film 1991 My Heroes Have Always Been Cowboys
0%
TV Film 1980 My Kidnapper, My Love
0%
Film 1951 My Outlaw Brother
0%
Film 1932 My Pal, the King
0%
TV Show 1961 Naked City
0%
TV Show 1973 NBC Follies
0%
Film 2011 Night Club
0%
TV Show 1972 Night Gallery
0%
Short Film 1926 Not to Be Trusted
0%
Film 2010 Now Here
0%
Film 1982 Odyssey of the Pacific
0%
Film 1932 Officer Thirteen
0%
Film 1953 Off Limits
0%
TV Show 2008 Old Skool with Terry and Gita
0%
TV Show 1982 One of the Boys
0%
Film 1957 Operation Mad Ball
0%
Film 1927 Orchids and Ermine
0%
Film 1994 Outlaws: The Legend of O.B. Taggart
0%
Film 1938 Out West with the Hardys
0%
Film 2003 Paradise
0%
TV Show 1963, 1964 Perry Como's Kraft Music Hall
0%
TV Show 1962 Pete and Gladys
0%
TV Film 2000 Phantom of the Megaplex
0%
TV Film 1957 Pinocchio
0%
Radio Play 1957 Pinocchio
0%
Short Film 1935 Pirate Party on Catalina Isle
0%
Film 1960 Platinum High School
0%
TV Show 1957 Playhouse 90
0%
TV Show 1957 Producers' Showcase
0%
Film 1972 Pulp
0%
Film 1950 Quicksand
0%
Film 1975 Rachel's Man
0%
Short Film 1931 Radio Rhythm
0%
Commercial 1970s Rainier Beer
0%
TV Show 1964 Rawhide
0%
TV Pilot 1967 Ready and Willing
0%
Film 1935 Reckless
0%
TV Show 1998 Remember WENN
0%
Film 1935 Rendezvous
0%
Film 1962 Requiem for a Heavyweight
0%
Film 1994 Revenge of the Red Baron
0%
Film 1972 Richard
0%
Film 1936 Riffraff
0%
Short Film 1940 Rodeo Dough
0%
TV Show 1970 Rowan & Martin's Laugh-In
0%
Film 2009 Saddle Up with Dick Wrangler & Injun Joe
0%
TV Show 1999 Safe Harbor
0%
TV Show 1957 Schlitz Playhouse
0%
Short Documentary 1958 Screen Snapshots: Glamorous Hollywood
0%
Short Documentary 1953 Screen Snapshots: Mickey Rooney - Then and Now
0%
Short Documentary 1947 Screen Snapshots Series 27, No. 3: Out of This World Series
0%
Short Documentary 1930 Screen Snapshots Series 9, No. 24
0%
TV Film 1981 Senior Trip
0%
Theater 1974-1978 Show Boat
0%
Short Documentary 1943 Show Business at War
0%
Audiobook 1994 Silent Night
0%
Film 1991 Silent Night, Deadly Night 5: The Toy Maker
0%
Film 1998 Sinbad: The Battle of the Dark Knights
0%
Theater 2003 Singular Sensations
0%
Film 1932 Sin's Pay Day
0%
Film 1968 Skidoo
0%
Film 1937 Slave Ship
0%
Short Documentary 2014 Soldiers' Stories
0%
Film 1952 Sound Off
0%
Film 1938 Stablemates
0%
TV Show 1959 Startime
0%
TV Show 1998 Stories from My Childhood
0%
Theater 1975 Sugar
0%
Theater 1979-1980, 1988 Sugar Babies
0%
Film 1948 Summer Holiday
0%
Radio Series 1951 Suspense
0%
Film 1993 Sweet Justice
0%
TV Show 1963 Talent Scouts
0%
TV Show 1977 Tattletales
0%
TV Show 1980 The $10,000 Pyramid
0%
Film 1939 The Adventures of Huckleberry Finn
0%
TV Show 1990-1993 The Adventures of the Black Stallion
0%
TV Show 1962 The Andy Williams Show
0%
TV Show 1957 The Arthur Murray Party
0%
Film 1954 The Atomic Kid
0%
Film 1932 The Beast of the City
0%
Film 1961 The Big Bankroll
0%
Film 1933 The Big Cage
0%
Film 1933 The Big Chance
0%
Film 1959 The Big Operator
0%
Film 1949 The Big Wheel
0%
TV Show 1965 The Bob Hope Show
0%
Film 1954 The Bridges at Toko-Ri
0%
TV Show 1967, 1968 The Carol Burnett Show
0%
TV Show 1964, 1965 The Celebrity Game
0%
Film 1933 The Chief
0%
Film 1970 The Cockeyed Cowboys of Calico County
0%
TV Show 1953, 1955 The Colgate Comedy Hour
0%
Film 1969 The Comic
0%
TV Show 2005 The Contender
0%
Film 1935 The County Chairman
0%
TV Show 1967 The Danny Thomas Hour
0%
TV Show 1965, 1968, 1969 The Dean Martin Show
0%
Film 1966 The Devil in Love
0%
Film 1936 The Devil Is a Sissy
0%
TV Show 1961, 1962, 1963 The Dick Powell Theatre
0%
TV Show 1979, 1986, 1989 The Disney Sunday Movie
0%
Film 1977 The Domino Principle
0%
TV Show 1968 The Don Rickles Show
0%
TV Show 1957-1965 The Ed Sullivan Show
0%
Film 1969 The Extraordinary Seaman
0%
Short Film 1997 The Face on the Barroom Floor
0%
Film 1950 The Fireball
0%
Film 1999 The First of May
0%
Short Film 1931 The Fisherman
0%
TV Show 1966 The Fugitive
0%
TV Film 1991 The Gambler Returns: The Luck of the Draw
0%
TV Show 1958 The Garry Moore Show
0%
TV Show 1956 The George Gobel Show
0%
Film 1973 The Godmothers
0%
TV Show 1988 The Golden Girls
0%
TV Film 2007 The Greatest Show Eve.
0%
Film 2005 The Happy Elf
0%
Film 1939 The Hardys Ride High
0%
Short Film 1931 The Hare Mail
0%
Film 1935 The Healer
0%
TV Show 1964-1967 The Hollywood Palace
0%
TV Show 1969-1976 The Hollywood Squares
0%
Short Film 1931 The Hunter
0%
Film 1975 The Intruder
0%
TV Show 1961 The Investigators
0%
TV Show 1962 The Jack Benny Program
0%
TV Show 1969 The Jackie Gleason Show
0%
TV Show 1966 The Jean Arthur Show
0%
TV Show 1963 The Jerry Lewis Show
0%
TV Show 1963 The Judy Garland Show
0%
Film 2005 The Last Confederate: The Story of Robert Adams
0%
Film 1959 The Last Mile
0%
Film 1992 The Legend of Wolf Mountain
0%
Film 1933 The Life of Jimmy Dolan
0%
Short Documentary 1975 The Lion Roars Again
0%
Film Serial 1934 The Lost Jungle
0%
TV Show 1982 The Love Boat
0%
TV Show 1966 The Lucy Show
0%
Film 1978 The Magic of Lassie
0%
Film 1992 The Magic Voyage
0%
Film 1971 The Manipulator
0%
Theater 1994 The Man with the Naughty Man
0%
TV Special 1960 The Many Sides of Mickey Rooney
0%
TV Show 1963 The Match Game
0%
TV Show 1969-1977 The Merv Griffin Show
0%
TV Show 1954-1955 The Mickey Rooney Show
0%
TV Pilot 1964 The Mickey Rooney Show
0%
TV Show 1969-1970, 1977, 1979 The Mike Douglas Show
0%
Film 1993 The Milky Life
0%
TV Show 1952, 1954, 1956 The Milton Berle Show
0%
TV Show 1966 The Milton Berle Show
0%
Film 1977 The Moon and a Murmur
0%
TV Show 1970 The Name of the Game
0%
TV Show 1963 The New Steve Allen Show
0%
TV Show 1958 The Phil Silvers Show
0%
Film 1960 The Private Lives of Adam and Eve
0%
TV Show 1957-1970 The Red Skelton Hour
0%
TV Film 1986 There Must Be a Pony
0%
TV Film 1986 The Return of Mickey Spillane's Mike Hammer
0%
TV Show 1960 The Revlon Revue
0%
TV Show 1971 The Rolf Harris Show
0%
TV Short 2010 The Rooneys
0%
TV Show 1969 The Rosey Grier Show
0%
TV Show 1966 The Sammy Davis, Jr. Show
0%
Film 1964 The Secret Invasion
0%
TV Show 1967 The Smothers Brothers Comedy Hour
0%
TV Show 1955 The Soldiers
0%
TV Show 1956, 1957, 1959 The Steve Allen Plymouth Show
0%
Film 1951 The Strip
0%
Theater 1990 The Sunshine Boys
0%
Film 2007 The Thirsting
0%
TV Show 1970 The Tim Conway Comedy Hour
0%
TV Show 1963 The Twilight Zone
0%
Film 1955 The Twinkle in God's Eye
0%
Theater 1991-1993 The Will Rogers Follies
0%
Theater 1998-1999 The Wizard of Oz
0%
Film 2012 The Woods
0%
Film 1933 The World Changes
0%
Short Film 2007 The Yesterday Pool
0%
Documentary Series 1960, 1980, 1984, 1988, 1993 This Is Your Life
0%
Film 1937 Thoroughbreds Don't Cry
0%
Film 1943 Thousands Cheer
0%
Film 2006 To Kill a Mockumentary
0%
Film 2002 Topa Topa Bluffs
0%
Theater 1963 Tunnel of Love
0%
Theater 1989 Two for the Show
0%
Short Film 1968 Vienna
0%
TV Show 1959, 1960 Wagon Train
0%
Theater 1971 W.C.
0%
TV Show 1952-1966 What's My Line?
0%
Film 1948 Words and Music
0%
Short Film 2008 Wreck the Halls
0%
Film 1940 Young Tom Edison
0%
Film 1937 You're Only Young Once
0%
No matching quizzes found
Score Distribution
Percent of People with Each Score
Percentile by Number Answered
Your Score History
You have not taken this quiz since the last reset